| 000 | 00875nam a2200241 i 4500 | ||
|---|---|---|---|
| 001 | 169035 | ||
| 003 | ES-MaACL | ||
| 005 | 20250812062531.0 | ||
| 008 | 080804s1952 sp f |||| | spa d | ||
| 080 | _a940:930.1 | ||
| 100 | 1 |
_aAzaola, José Miguel de ( _d1917-2007) _924229 |
|
| 245 | 1 | 0 |
_aComplejos nacionales en la historia de Europa / _cJosé Miguel de Azaola. |
| 260 |
_aMadrid : _bAteneo, _c1952. |
||
| 300 |
_a53 p. : _b1 lám. ; _c19 cm. |
||
| 490 | 1 |
_aColección "O crece o muere" ; _v38 |
|
| 500 | _aEl original fue dado a conocer por su autor, en el Ateneo de Madrid, el día 20 de marzo de 1952. | ||
| 610 | 2 | 7 |
_aAteneo de Madrid- _vConferencias- _y1940-1982. _91908 |
| 651 |
_aEuropa- _xHistoria. _98599 |
||
| 830 | 0 | 0 |
_aColección "O crece o muere" _v38 _9183476 |
| 852 |
_aES-MaACL _jJ-24 (38) |
||
| 852 |
_aES-MaACL _jJ-25 (38) |
||
| 999 |
_c169035 _d169035 |
||